[Event "FRA-chA 85th"]
[Site "Belfort"]
[Date "2010.08.09"]
[Round "1"]
[White "Edouard, Romain"]
[Black "Bauer, Christian"]
[Result "1-0"]
[WhiteElo "2620"]
[BlackElo "2612"]
[Annotator "Edouard,R"]
[PlyCount "85"]
[EventDate "2010.08.09"]
[EventType "tourn"]
[EventRounds "11"]
[EventCountry "FRA"]
[EventCategory "14"]
[SourceTitle "CBM 138"]
[Source "ChessBase"]
[SourceDate "2010.09.17"]
[SourceVersion "1"]
[SourceVersionDate "2010.09.17"]
[SourceQuality "1"]

{This was my first game in the french championship 2010. As everybody knows,
this round if the perfect "shape indicator" for the rest of the tournament -
usually.} 1. e4 {I had been playing 1.d4 most of the time before this
tournament. There, I started playing 1.e4 again in several games, and I
actually won all of them!} e5 2. Nf3 d6 3. d4 exd4 4. Nxd4 Nf6 5. Nc3 Be7 6.
Bf4 O-O 7. Qd2 d5 $5 {Of course I was unable to guess Christian's opening.
That's one of his strenght in almost every game. But I could remember some
ideas in this line.} 8. Ndb5 Bb4 9. exd5 $5 {This move had almost never been
played before!} (9. O-O-O c6 10. Nc7 Nxe4 11. Qe3 Nxc3 (11... Bc5 12. Qxe4) 12.
bxc3 Ba3+ {leads to very big complications, for example :} 13. Kd2 Nd7 14. Nxa8
Bc5 15. Qg3 Nf6 16. Bd3 Nh5 17. Bc7 Qf6 18. Qe5 Qh6+ 19. Ke1 Bd7 20. Bf5 Re8
21. Bxd7 Rxe5+ 22. Bxe5 Qg5 23. Kf1 Qxe5 24. Re1 Qxc3 25. Nc7 Nf6 26. Bf5 Qd2
27. Re2 Qc1+ 28. Re1 Qf4 {0-1 Volokitin,A (2671)-Kobalia,M (2634)/Budva MNE
2009}) 9... Ba5 $6 {This moves seems wrong. But a crazy thing is that
Christian wrote a book about Philidor, and he told me later that he suggested
a much better move after 9.exd5!} (9... Re8+ 10. Be2 Ne4 $1 {This was
Christian's suggestion. But I believe White should be better here.} (10... Nxd5
11. O-O-O {was played in the game opposing two computers and was definitely
much better for White.}) 11. Qd3 (11. Qd4 $6 Ba5 $1 {could be the reason why
Christian confused himself going for 9...Ba5.}) 11... Bf5 12. Qc4 $1 Na6 13.
O-O Nxc3 14. bxc3 Re4 15. Nd4 Rxf4 16. cxb4 Be4 (16... b5 17. Qxb5 Rxd4 18. c3
$16) 17. b5 Bxd5 18. Qc3 Nb8 19. Bf3 {and White is much better.}) 10. O-O-O ({
I didn't like} 10. d6 $5 {before I prefered to solve all development problems
first. Still, it might be good and maybe the best chance for Black is} Re8+ 11.
Be2 Nc6 $5) 10... a6 11. Nd4 Re8 (11... Nxd5 12. Nb3 Qf6 $8 (12... Bxc3 $2 13.
bxc3 Qf6 14. Bg5 $18) 13. Nxa5 (13. Bg5 Nxc3 {is not an improvement at all.})
13... Nxf4 14. g3 {with a clear plus for White.}) (11... Bxc3 12. Qxc3 Nxd5 13.
Qg3 Nxf4 14. Qxf4 {is clearly better for White.}) 12. Bg5 {Now White is just a
pawn up.} h6 13. Bxf6 (13. Bh4 $1 {might be extremely strong, but I
underestimated the final position in the following line :} g5 (13... Qd6 14.
Bg3 Qd8 15. Bc4 $18) 14. Bxg5 (14. Bg3 Ne4 $132) 14... Bxc3 $8 (14... hxg5 15.
Qxg5+ Kh8 (15... Kf8 16. Ne6+ $1 fxe6 17. Qh6+ Kg8 18. dxe6 Qe7 19. Nd5 $18)
16. Ne6 $1 fxe6 17. dxe6 Qe7 18. Nd5 Nxd5 19. Qh5+ Kg7 20. Rxd5 $18) 15. bxc3
hxg5 16. Qxg5+ Kh8 (16... Kf8 17. Qh6+ Kg8 18. Bd3 {is definitely bad for
Black. For instance :} Qd6 $5 {(aiming to go ...Ne4)} 19. Bf5 $1 {with the
idea of Rd3 and Black's position is desastrous.}) 17. Bd3 Nh7 18. Qh6 Qg5+ 19.
Qxg5 Nxg5 20. Rhe1 {and White is actually completely winning! Around +2
according to the digital guy. But being a pawn up in the game, maybe my mind
automaticly forbade me such considerations!}) 13... Qxf6 14. Bc4 Nd7 (14... b5
{was the only try to reach counterplay in my opinion.} 15. Rhe1 $1 Rd8 {
Black wants to go ...c5. Here a very nice and simple option is:} 16. Be2 $1
Qxf2 (16... Bb7 17. Nb3 Bxc3 18. Qxc3 Qxc3 19. bxc3 Rxd5 20. Bf3 Rxd1+ 21. Rxd1
Bxf3 22. Rd8+ Kh7 23. gxf3 $18) (16... c5 17. Nb3 $18) 17. Bf3 $1 {Giving back
the pawn seems to be the best way to convert the advantage!} Qxd2+ 18. Rxd2 Bb7
(18... b4 19. Rde2 Bd7 20. Nb3 Bb6 21. d6 Ra7 22. Nd5 $18) (18... Ra7 19. a3 $5
$16) 19. Nc6 $1 Bxc6 20. dxc6 $16 {and Black cannot move anything!}) 15. Rhe1
Rxe1 (15... Rd8 16. Qe3 $16) 16. Rxe1 Ne5 17. Bf1 $1 {Now it makes more sense
to ask the bishop to defend the kingside. But also the b3-square is the
knight's one.} Bd7 18. Nb3 Bb4 19. a3 Bd6 (19... Bxc3 20. Qxc3 Re8 (20... Qxf2
$2 21. Qxe5 Re8 22. Qxe8+ Bxe8 23. Rxe8+ Kh7 24. Nd2 $18) 21. f3 $18) 20. Ne4
Qh4 21. Nbc5 (21. h3 $5) 21... Bf5 $5 {Definitely not the best, but the only
practical try. Furthermore, I was starting to be low on time.} 22. Nxd6 cxd6
23. Nxb7 $1 {I saw no mate, so I thought I should just play with engine style :
)} Rc8 24. c3 Qf6 $8 {Now I had to take some decisions: Black instends to go ..
.Bh7 followed by ...Qf5(g6). So I have to do something so that I become able
to play Bd3. On the other hand, I have to be careful of knight maneuvers.} (
24... Qe7 25. f4 {just wins.}) 25. f4 $1 Nd7 26. g3 ({The engine likes} 26.
Bxa6 Rb8 27. a4 $5 {(or any other move) as he's not afraid at all of} Rxb7 28.
Bxb7 Nc5 29. Re8+ Kh7 30. Qe3 Nxb7 31. b4 $1 $18 {Burying Black's night on b7,
soon to be trapped by a-pawn. Now with high depth almost "+6" (!) appears on
my screen, but I must admit that I did not even think about entering this kind
of positions!! Of course ideas like} Bg6 {will be met by} 32. g4 $1 $18 {
, while the rest is too slow.}) 26... Rc7 (26... Rb8 27. Na5 ({Of course the
engine likes} 27. Bxa6 {again.}) 27... Nc5 28. Bc4 Na4 29. Bb3 Nc5 30. Bc2 $18)
27. Na5 Nc5 28. Bc4 Kh7 (28... Ne4 29. Qd4 $18) 29. Nc6 Rb7 30. Nd4 Bg4 31. b4
{Now that I was able to play b4 in good circunstances, everything is safe.} Nd7
32. Kb2 Nb6 33. Bb3 g6 34. Qd3 a5 35. f5 $5 {The most simple so far.} (35. Qa6
$1 {Somehow, and of course without any good reason, I decided that I had been
greedy enough! :)}) 35... a4 36. Bc2 gxf5 37. Rf1 Rc7 38. Nxf5 Kh8 (38... Rxc3
{just doesn't work because of any check moving the knight.} 39. Nxd6+ Rxd3+ 40.
Rxf6 $18) 39. Ne3 (39. Nxd6 $18) 39... Qg7 40. Rf4 {Few, an extra 30 minutes
is coming! I felt like this should mean that I will not spoil this position. :)
} (40. Rf6 $142) 40... Be2 41. Qd4 ({Of course} 41. Qxe2 {also wins.}) 41...
Qxd4 42. Rxd4 Kg8 43. Kc1 {Small technical idea, aiming to go Kd2-Bd3. A good
way for me to start the tournament, especially since I had lost my first round
on the previous year, for my first participation in the event. :)} 1-0

[Event "FRA-chT Top 12"]
[Site "Chartres"]
[Date "2017.05.22"]
[Round "5.6"]
[White "Edouard, Romain"]
[Black "Savina, Anastasia"]
[Result "1-0"]
[WhiteElo "2640"]
[BlackElo "2364"]
[Annotator "Edouard,R"]
[PlyCount "91"]
[EventDate "2017.05.18"]
[EventType "team-tourn"]
[EventRounds "11"]
[EventCountry "FRA"]
[SourceTitle "CBM 179"]
[Source "ChessBase"]
[SourceDate "2017.07.12"]
[SourceVersion "1"]
[SourceVersionDate "2017.07.12"]
[SourceQuality "1"]
[WhiteTeam "Bischwiller"]
[BlackTeam "Vandoeuvre"]
[WhiteTeamCountry "FRA"]
[BlackTeamCountry "FRA"]

1. e4 d6 2. d4 Nf6 3. Nc3 e5 4. Nf3 Nbd7 5. g4 $5 h6 (5... Nxg4 {is a very
dangerous line for Black:} 6. Rg1 Ngf6 ({Jobava's favourite move} 6... exd4 {
is also critical:} 7. Nxd4 Ngf6 8. Be3 Ne5 9. Be2 h5 10. Qd2 Nfg4 11. Bf4 c5
12. Nf5 Bxf5 13. exf5 Qe7 14. O-O-O O-O-O 15. Nd5 Qd7 16. Rg3 (16. Bxg4 $5 hxg4
17. Bxe5 dxe5 18. Qa5 $44) 16... Nxf2 17. Ra3 Kb8 18. Qa5 Nc6 19. Qxc5 Nxd1 20.
Bb5 Qxf5 $19 {0-1 (46) Vachier Lagrave,M (2803)-Jobava,B (2701) chess.com INT
2017}) (6... h5 7. h3 Nh6 8. Bc4 c6 9. Be3 $40 {1/2-1/2 (40) Fressinet,L (2700)
-Jobava,B (2711) CHN 2012}) 7. Be3 $1 c6 8. Qd2 b5 9. O-O-O $5 (9. a3 $5 Bb7 (
9... Qc7 $5 {might be better}) 10. O-O-O Qa5 11. Kb1 b4 12. axb4 Qxb4 13. dxe5
Nxe5 14. Nxe5 dxe5 15. Bh3 $18 {1-0 (25) Mamedyarov,S (2731)-Agrest,E (2574)
FRA 2008}) 9... Qa5 (9... Bb7 10. dxe5 dxe5 11. Nxb5 Nxe4 12. Qe1 cxb5 13. Bxb5
Bd6 14. Nxe5 Bxe5 15. Rxd7 Qxd7 16. Bxd7+ Kxd7 17. Qa5 $16 {0-1 (37) Jones,G 
(2643)-Strikovic,A (2504) Helensburgh 2013}) 10. dxe5 dxe5 11. Kb1 b4 (11... h6
12. Bh3 b4 13. Ne2 Qc7 14. Nh4 g6 15. f4 $13 {1/2-1/2 (34) Smerdon,D (2506)
-Haslinger,S (2531) GER 2014}) 12. Na4 $3 Qxa4 13. Nxe5 Be7 14. Nxf7 $1 O-O (
14... Kxf7 15. Bc4+ Kf8 16. Rxg7 $1 $18) 15. Bc4 Rxf7 16. Rxg7+ $1 Kxg7 17.
Bh6+ Kh8 18. Bxf7 $40) 6. Rg1 $5 (6. g5 {is unclear:} hxg5 7. Nxg5 exd4 8. Qxd4
Ne5 (8... c6 $5 9. Bf4 Ng4 $1 10. O-O-O $44) 9. Be2 (9. f4 $6 Nh7 $1 10. Be2
Nxg5 11. fxg5 Be6 $132 {0-1 (30) Swiercz,D (2472)-Kunin,V (2546) Budva 2009})
9... Be7 10. f4 Nc6 $1 $146 (10... Nfg4 11. h3 $16 {1-0 (27) Nepomniachtchi,I 
(2545)-Hautot,S (2368) Fuegen 2006}) 11. Qc4 $5 Be6 12. Nxe6 (12. Nd5 Nd7 $13)
12... fxe6 13. Bd2 (13. Qxe6 $4 Nd4 $19) 13... Qd7 $13) 6... c6 7. g5 $2 {
Just a nonsense: this must be played on move 6 or much later (with the help of
h4 and/or after finishing the development).} (7. Be3 $1 {was the way:} Qa5 (
7... Qc7 8. h4 $36) (7... b5 8. a3 $36) 8. Nd2 $1 exd4 9. Bxd4 {and White will
play Qe2, Nb3, 0-0-0 with a pleasant position.}) 7... hxg5 8. Nxg5 (8. Bxg5 $6
Qb6 $40) 8... exd4 (8... Qb6 $5 9. Bc4 exd4 10. Bxf7+ Ke7 {also made a lot of
sense.}) 9. Qxd4 Qb6 10. Qd2 $40 (10. Qe3 {was the only safe choice.}) 10...
Rxh2 (10... Ne5 $5 {was also very strong, as the queen on b6 also prevents
White from playing f4 (the g1-rook is hanging).}) 11. Qf4 Rh8 12. Bc4 Ne5 13.
Bb3 Bg4 14. Be3 Qc7 15. Bd4 $2 {A very bad move!} (15. f3 {was required, and
after} Nh5 {a crazy position could be reached:} (15... Bh5 16. O-O-O $44) 16.
Qh2 (16. Bxf7+ Qxf7 17. Qxf7+ Nxf7 18. Nxf7 Kxf7 19. Rxg4 Nf6 $11) 16... Be7 $1
(16... Bxf3 $2 17. Bd4 $16) (16... Nxf3+ $2 17. Nxf3 Bxf3 18. Qf2 $18) 17. Bd4
Bxg5 18. Bxe5 dxe5 19. fxg4 Bf4 20. Qh1 O-O-O 21. gxh5 g6 {with compensation
for the piece!}) 15... O-O-O (15... Rh5 $5 {would have forced White into an
inferior and ugly position:} 16. Bxe5 dxe5 17. Qe3 O-O-O 18. Bxf7 Rxg5 19. Qxg5
Qxf7 20. Rxg4 Nxg4 21. Qxg4+ Kc7 $15) 16. f3 (16. Bxf7 Kb8 $15 (16... Nxf7 $6
17. Bxf6 gxf6 18. Qxg4+ {changes matters.})) 16... c5 $1 {The best move!} (
16... Rh5 {first would allow} 17. Rf1 $1 {with the idea} Rxg5 $4 18. Qxg5 Nxf3+
19. Rxf3 Bxf3 20. Qf5+ $18) 17. Bf2 (17. Bxe5 $2 dxe5 18. Qe3 c4 $19) 17... Rh5
(17... d5 $1 {would have given Black a nice edge:} 18. Kf1 $8 Nxf3 19. Qxc7+
Kxc7 20. Nxf7 d4 $17) 18. fxg4 Rxg5 19. Bh4 Rxg4 20. Rxg4 Nexg4 21. Nd5 Qd7 22.
O-O-O {White has some compensation, of course for a draw.} Nxd5 23. Bxd5 f6 24.
Qd2 $2 {A terrible positional move.} (24. Rg1 Ne5 25. Be1 {stopping ...g5 was
necessary.}) 24... Kb8 25. Re1 g6 26. Kb1 Bh6 27. Qc3 Rf8 28. a3 {Again not
forbidding the obvious 28...Bf4.} (28. Bg3 $17 {was necessary.}) 28... Bf4 $19
{Fortunately for me, my opponent was in time trouble and I managed to get
counterplay and set up a trick on move 40.} 29. Qb3 Ne5 30. Bg3 Bxg3 31. Qxg3
Rh8 32. Rf1 Qh3 $6 (32... Qe7 33. Qf2 g5 34. Qxf6 Qxf6 35. Rxf6 g4 $19) 33. Qf2
Rf8 34. Rg1 Qh7 35. Rg3 f5 36. Rb3 b6 37. a4 Kc7 38. Qf1 Nc6 39. Rh3 Qd7 40.
Qh1 Re8 $4 {Phew!} (40... fxe4 $1 41. Bxe4 {and White should have enough
compensation for a draw.} (41. Rh7 $6 Rf1+ $17 {/-+})) 41. exf5 Ne7 $2 (41...
Nb4 $1 {was necessary:} 42. Be6 (42. Rh7 Re7 43. fxg6 Nxd5 44. Qxd5 Rxh7 45.
gxh7 Qxh7 46. Qa8 $11) 42... Qc6 (42... Qxa4 $4 43. Rh7+ $18) 43. Rh7+ Kb8 44.
Qxc6 Nxc6 45. fxg6 Rxe6 46. g7 Rg6 (46... Ne7 47. Rh8+ Kb7 48. Re8 Rg6 49.
Rxe7+ {looks winning.}) 47. Rh8+ Kb7 48. g8=Q Rxg8 49. Rxg8 {and it is unclear
to me whether this is a draw or a win for White.}) 42. Bf7 gxf5 (42... Rf8 43.
fxg6 $18) 43. Bxe8 Qxe8 44. Rh7 Qf8 45. Qd5 $1 Kd7 (45... Qf6 46. Qa8 $18) 46.
Rf7 1-0

[Event "Capablanca Memorial-A"]
[Site "Matanzas"]
[Date "1994.??.??"]
[Round "10"]
[White "Becerra Rivero, Julio"]
[Black "Hoffman, Alejandro"]
[Result "1/2-1/2"]
[WhiteElo "2480"]
[BlackElo "2540"]
[Annotator "Ernst,T"]
[PlyCount "79"]
[EventDate "1994.??.??"]
[EventType "tourn"]
[EventRounds "11"]
[EventCountry "CUB"]
[EventCategory "10"]
[SourceTitle "CBM 043"]
[Source "ChessBase"]
[SourceDate "1994.12.01"]
[SourceVersion "1"]
[SourceVersionDate "1994.12.01"]
[SourceQuality "1"]

1. e4 e5 2. Nf3 d6 3. d4 Nf6 4. dxe5 Nxe4 5. Qd5 Nc5 6. Bg5 Qd7 7. exd6 Bxd6 8.
Nc3 O-O (8... Qe6+ 9. Be3 Qxd5 (9... c6 10. Qd4 O-O 11. Bc4 Qg6 12. O-O-O Be7
13. Ne5 Qf6 14. Nxf7 Qxd4 15. Bxd4 $18 {Rublevsky,S-Zarubin,P/URS-sf Voronez/
1991/}) 10. Nxd5 Ne6 11. O-O-O Nc6 12. Nd2 (12. Bb5 Bd7 13. Ng5 $13 {Maljutin,
E-Zarubin,P/Moscow op Russian Winter/1991/}) 12... Bd7 13. Ne4 $16 {
Chandler-Gulko/Reykjavik/1991/}) 9. O-O-O Nc6 10. Nb5 $1 Qe6 (10... Qg4 11.
Nxd6 cxd6 12. Be3 $1 $16 {Tiviakov-Barbero/Imperia/1993/}) 11. Nxd6 cxd6 12.
Be3 (12. Qxe6 Bxe6 13. Rxd6 $2 Ne4 $17) 12... Qxd5 13. Rxd5 Ne4 14. Bd3 f5 15.
Bxe4 fxe4 16. Ng5 $6 (16. Nd2 $16) 16... Bf5 17. Rxd6 h6 18. g4 $5 (18. Nh3 $14
) 18... Bxg4 (18... hxg5 19. gxf5 Rxf5 20. Rg1 $16) 19. Rg1 Bf5 20. Ne6 Rf7 21.
Bxh6 g6 22. Ng5 Re7 23. Re1 Rc8 24. c3 Ne5 $132 25. f3 (25. Nxe4 $2 Bxe4 26.
Rxe4 Nd3+ 27. Rxd3 Rxe4 $13) 25... exf3 26. Nxf3 Rce8 27. Nxe5 Rxe5 28. Rxe5
Rxe5 $14 29. Rd8+ Kh7 30. Bg5 Re2 31. h4 Kg7 32. Bd2 Rh2 33. b3 Rxh4 34. c4 Rh2
35. a4 a6 36. Kb2 Kf7 37. Kc3 Rh3+ 38. Kb2 Rd3 $10 39. Rxd3 Bxd3 40. Kc3
1/2-1/2

[Event "ARG-World"]
[Site "Buenos Aires"]
[Date "1994.??.??"]
[Round "9"]
[White "Leko, Peter"]
[Black "Campora, Daniel Hugo"]
[Result "1-0"]
[WhiteElo "2545"]
[BlackElo "2535"]
[Annotator "Ernst,T"]
[PlyCount "145"]
[EventDate "1994.04.??"]
[EventType "schev"]
[EventRounds "10"]
[EventCountry "ARG"]
[SourceTitle "CBM 042"]
[Source "ChessBase"]
[SourceDate "1994.10.01"]
[SourceVersion "1"]
[SourceVersionDate "1994.10.01"]
[SourceQuality "1"]

1. e4 e5 2. Nf3 d6 3. d4 Nf6 4. Nc3 Nbd7 5. Bc4 Be7 6. O-O O-O 7. Re1 c6 8. a4
b6 (8... a5 $14) 9. d5 $1 c5 (9... Bb7 10. dxc6 Bxc6 11. Bg5 h6 12. Bxf6 Nxf6
13. Qd3 $14 {Kindermann-Plachetka/Trnava/1987/}) 10. a5 $14 bxa5 (10... a6 11.
axb6 Nxb6 12. Nd2 $14) 11. Nd2 Nb6 12. Bb5 Ng4 13. h3 Nh6 14. Nf3 (14. Nb3 $14)
14... a6 15. Bd3 Ra7 (15... f5 16. Bxh6 gxh6 17. exf5 Bxf5 18. Bxf5 Rxf5 19.
Rxa5 $16) 16. b3 Kh8 17. Bxh6 gxh6 18. Qd2 h5 19. Na4 (19. Qh6 h4) 19... Rg8 $1
20. Kh2 Nxa4 21. Rxa4 Bf8 22. Rxa5 Qf6 23. Qe2 h4 24. Bxa6 Qf4+ 25. Kh1 f5 $1
26. Bxc8 $1 Rxa5 27. Bxf5 Be7 (27... Ra7 $5 $132) 28. Rg1 Ra2 29. Qb5 Qh6 (
29... Rxc2 30. Qd7 $18) 30. Qd7 Qg7 31. g3 $1 Rxc2 32. Be6 Qf8 $5 (32... Rxf2
33. gxh4 (33. Bxg8 Rxf3 34. gxh4 Rg3 35. Rxg3 Qxg3 36. Qxe7 Qf3+ 37. Kh2 Qf2+
$10) 33... Rxf3 34. Rxg7 Rxg7 $13) (32... Rd8 33. Qc7 Qf8 34. Bf5 Rxf2 35. Nxh4
$44) 33. Nxh4 Qxf2 (33... Bxh4 34. Bxg8 Qf3+ 35. Rg2 Qd1+ 36. Kh2 Bxg3+ 37.
Kxg3 $18) 34. Ng2 Rg7 (34... Rxg3 35. Qxe7 Rxg2 36. Qe8+ Kg7 37. Qg8+ Kh6 38.
Qxg2 $18) 35. Qe8+ Qf8 $2 $16 (35... Bf8 $1 36. Bf5 Kg8 (36... Rg8 $2 37. Qf7
Bg7 38. Qh5 h6 39. Qg6 $18) 37. Be6+ (37. Qe6+ Kh8 38. Qe8 $10) 37... Kh8 38.
Bf5 $10) 36. Qxf8+ Bxf8 37. Rf1 Be7 38. Ne3 Ra2 (38... Rc3 39. Nf5 Rcxg3 40.
Nxe7 Rxe7 41. Rf8+ Kg7 42. Rg8+ $18) 39. Nf5 $16 Ra7 40. Nxg7 Kxg7 41. Rf7+ Kg6
42. h4 Rc7 43. Kg2 h5 44. Kh3 Rb7 (44... Bd8 45. Rf3 (45. Rxc7 $6 Bxc7 46. g4
hxg4+ 47. Kxg4 c4 $1 48. bxc4 Bb6 $10) 45... Bf6 46. g4 $16) 45. Kg2 Rc7 46.
Kf3 Rb7 47. Ke2 Rc7 48. Kd3 Bd8 49. Rf8 $1 $18 (49. Rxc7 Bxc7 50. Kc4 $16)
49... Bf6 50. Rg8+ Kh7 51. Rb8 Kg7 52. Rg8+ Kh7 53. Rb8 Ra7 54. Kc4 Be7 55. Bf7
Kh6 56. Be8 Bf6 57. Rb6 Be7 58. Kb5 {Black will soon suffer from Zugzwang.} Ra8
59. Kc6 $1 Bf8 (59... Rxe8 60. Kd7 $18) 60. Bf7 c4 61. bxc4 Rc8+ 62. Kb5 Rc5+
63. Kb4 Rc7 64. Be8 Re7 (64... Rc8 65. Bd7 $18) 65. Rb8 Kh7 (65... Bg7 66. Rd8)
66. Bg6+ Kg8 67. Bxh5 Ra7 68. Bg4 Ra1 69. Be6+ Kg7 70. Rb7+ Kh8 71. Kb5 Bh6 72.
Kc6 Ra6+ 73. Rb6 1-0

[Event "World Cup"]
[Site "Reykjavik"]
[Date "1991.??.??"]
[Round "2"]
[White "Chandler, Murray G"]
[Black "Gulko, Boris F"]
[Result "1-0"]
[WhiteElo "2605"]
[BlackElo "2565"]
[Annotator "Ernst,T"]
[PlyCount "89"]
[EventDate "1991.09.??"]
[EventType "tourn"]
[EventRounds "15"]
[EventCountry "ISL"]
[EventCategory "16"]
[SourceTitle "CBM 026"]
[Source "ChessBase"]
[SourceDate "1992.02.01"]
[SourceVersion "1"]
[SourceVersionDate "1992.02.01"]
[SourceQuality "1"]

1. e4 e5 2. Nf3 d6 3. d4 Nf6 4. dxe5 Nxe4 5. Qd5 $16 Nc5 6. Bg5 Qd7 7. exd6
Bxd6 8. Nc3 Qe6+ (8... O-O {ECO} 9. O-O-O Nc6 {ECO =} 10. Nb5 $1 $16) 9. Be3
Qxd5 10. Nxd5 Ne6 11. O-O-O Nc6 12. Nd2 $1 Bd7 13. Ne4 {Die gleiche Stellung
entstand auch in der Partie Selivanovskij-Ivanov, Russland 1964 ebenfalls mit
klarem Vorteil für Weiss.} Be7 14. Be2 {/\ Rhe1, f2-f4} O-O-O (14... f5 15.
Bh5+ g6 16. Nef6+) 15. Bxa7 $1 f5 (15... b6 $2 16. Ba6#) 16. Nxe7+ Nxe7 17. Nc3
Nf4 (17... Nc6 18. Be3 f4 19. Bd2) 18. Bd4 Nxe2+ 19. Nxe2 Rhg8 20. Nf4 Bc6 21.
f3 Rd7 22. Rhe1 Nd5 23. Nd3 Re7 24. c4 Rxe1 25. Rxe1 Rd8 26. Bf2 $1 (26. Bxg7
$6 Nb6 27. Ne5 Rg8) 26... Nf6 27. Kc2 h6 28. Re5 Be8 29. Kc3 Bf7 30. Ra5 Re8
31. Rxf5 $18 Bg6 32. Re5 Rd8 33. Nf4 Bb1 34. a3 Rd1 35. Re1 Rxe1 36. Bxe1 Kd7
37. Kd4 Bc2 38. b4 Ne8 39. Nd3 Nd6 40. Nc5+ Kc8 41. Ne6 Nf5+ 42. Kc3 Bd1 43.
Kd3 h5 44. h4 b6 45. Nf4 1-0

[Event "URS-ch58"]
[Site "Moscow"]
[Date "1991.??.??"]
[Round "7"]
[White "Sorokin, Maxim"]
[Black "Maljutin, Evgeni"]
[Result "0-1"]
[WhiteElo "2510"]
[BlackElo "2435"]
[Annotator "Ernst,T"]
[PlyCount "46"]
[EventDate "1991.11.??"]
[EventType "swiss"]
[EventRounds "11"]
[EventCountry "URS"]
[SourceTitle "URS-ch"]
[Source "ChessBase"]
[SourceDate "1999.07.01"]
[SourceVersion "1"]
[SourceVersionDate "1999.07.01"]
[SourceQuality "1"]

1. e4 e5 2. Nf3 d6 3. d4 f5 4. Bc4 exd4 5. Ng5 Nh6 6. Nxh7 $2 {Derselbe Fehler
wie in Nurmi - Mestel, Tjentiste 1975.} Ng4 $1 7. Nxf8 Kxf8 8. Qxd4 Nc6 9. Qd5
Qe8 10. Nc3 Nf6 11. Qd1 Nxe4 12. Ne2 Ne5 13. Bd3 Ng4 14. Bxe4 fxe4 15. Bf4 Qg6
16. Qd2 Bd7 17. Nd4 Kg8 18. O-O-O Rf8 19. h3 Qf7 20. g3 Qxa2 $19 21. Nb3 Nf6
22. Qc3 Be6 23. Qxc7 Bxb3 (23... Bxb3 24. cxb3 Kh7 $19) 0-1

[Event "Interzonal-16"]
[Site "Biel"]
[Date "1993.??.??"]
[Round "2"]
[White "Akopian, Vladimir Eduardovic"]
[Black "Lima, Darcy Gustavo Macha"]
[Result "1-0"]
[WhiteElo "2600"]
[BlackElo "2475"]
[Annotator "Ernst,T"]
[PlyCount "67"]
[EventDate "1993.07.16"]
[EventType "swiss"]
[EventRounds "13"]
[EventCountry "SUI"]
[SourceTitle "CBM 037"]
[Source "ChessBase"]
[SourceDate "1993.12.01"]
[SourceVersion "1"]
[SourceVersionDate "1993.12.01"]
[SourceQuality "1"]

1. e4 d6 2. d4 Nf6 3. Nc3 e5 4. Nf3 Nbd7 5. Bc4 Be7 6. O-O O-O 7. Re1 $5 (7. a4
c6 8. Re1 $14) (7. Qe2) 7... c6 8. a4 Qc7 (8... b6 9. d5 c5 10. a5 $14) 9. h3
b6 10. Bg5 Bb7 11. Qe2 (11. d5) 11... a6 12. dxe5 $1 dxe5 (12... Nxe5 13. Nd4
$1 $14) 13. Nh4 $1 b5 (13... g6 14. Bh6 Rfe8 15. Bxf7+ $1 Kxf7 16. Qc4+ $18)
14. Nf5 Bd8 15. Ba2 g6 (15... b4 16. Nb1 {/\ Nd2+/-}) 16. Nh6+ Kg7 17. Rad1 Ng8
18. Qg4 $1 Nc5 (18... Ndf6 19. Qh4 $16) (18... Nxh6 19. Bxh6+ Kxh6 20. Rxd7 $16
) (18... Bxg5 $142 19. Nxg8 $1 (19. Nxf7 $2 Rxf7 20. Bxf7 Ndf6 $1 21. Qxg5 Kxf7
$15) (19. Rxd7 Nxh6 20. Rxc7 Nxg4 21. Rxb7 (21. hxg4 Rab8 22. Rd1 Bd8 $1 23.
Rcd7 Ba5 $1 {/\ Bc8<=>}) 21... Nf6 22. Rd1 Rab8 $1 $10) 19... Nc5 $8 (19... Nb6
20. a5 $1 $18) 20. b4 $1 (20. Qxg5 Rxg8) 20... Bd8 $8 21. bxc5 Bc8 $8 22. Qg3
Rxg8 23. Rd6 Re8 24. Red1 $36) 19. Nf5+ $1 Kh8 (19... gxf5 20. Bxd8+ fxg4 21.
Bxc7 $16 (21. Bxc7 gxh3 22. Bxe5+ f6 23. Bd6 $18)) 20. Nd6 $16 b4 21. Be3 $1
bxc3 22. Bxc5 Be7 23. Qg3 $1 $18 cxb2 (23... Rad8 24. Qxc3 Bxd6 25. Rxd6 Rxd6
26. Qxe5+) 24. Qxe5+ Bf6 25. Qg3 Bc8 26. e5 Bg7 27. Qb3 Be6 (27... Rb8 28.
Nxf7+ Rxf7 29. Qxf7 Qxf7 30. Bxf7 Bxe5 (30... Bf5 31. Bb3) 31. Rxe5 b1=Q 32.
Rxb1 Rxb1+ 33. Kh2) 28. Qxb2 Rab8 29. Qa3 Rfd8 30. a5 Qe7 31. Bxe6 Qxe6 32. Qf3
Nh6 33. Qxc6 Nf5 (33... Bxe5 $2 34. Rxe5 Qxe5 35. Bd4 $18) 34. Qc7 1-0